| 000 | 01073cam a2200253 i 4500 | ||
|---|---|---|---|
| 003 | SA-RiAUC | ||
| 005 | 20250322120319.0 | ||
| 008 | 250320s1985 su g 000 d ara c | ||
| 040 |
_aQA-DoQUL _bara _cSA-RiAUC _erda |
||
| 082 | 0 | 4 | _a812.022 |
| 090 |
_a812.022 _b ك ت و |
||
| 100 | 1 |
_aكتوعة، يحيى حسن، _d1349-1412 هجري _eمؤلف. |
|
| 245 | 1 | 0 |
_aحكايات خالتي خديجة : _bتمثيليات اجتماعية أذيعت من إذاعة المملكة العربية السعودية / _cيحيى حسن كتوعة. |
| 250 | _aالطبعة الأولى. | ||
| 264 | 1 |
_aمكة المكرمة : _bنادي مكة الثقافي، _c1985 |
|
| 300 |
_a399 صفحة ؛ _c24 سم |
||
| 336 |
_aنص _btxt _2rdacontent _3كتاب |
||
| 337 |
_aبدون وسيط _bn _2rdamedia |
||
| 338 |
_aمجلد _bnc _2rdacarrier |
||
| 650 | 7 |
_aالمسرحيات الإذاعية _2aucsh |
|
| 650 | 7 |
_aالمسرحيات العربية _zالسعودية _yقرن 14 هجري _2aucsh |
|
| 942 |
_2ddc _cBOOK _n0 |
||
| 949 |
_aSA-JeALM _d250320 _umohamedma123 _n1 |
||
| 999 |
_c6553 _d6553 |
||